Operation research (Record no. 184821)

000 -LEADER
fixed length control field 00335nam a2200121Ia 4500
008 - FIXED-LENGTH DATA ELEMENTS--GENERAL INFORMATION
fixed length control field 220217s9999||||xx |||||||||||||| ||und||
082 ## - DEWEY DECIMAL CLASSIFICATION NUMBER
Classification number 003 MAH
100 ## - MAIN ENTRY--PERSONAL NAME
Personal name Maharajan, Manohar
245 #0 - TITLE STATEMENT
Title Operation research
260 ## - PUBLICATION, DISTRIBUTION, ETC.
Place of publication, distribution, etc. Dhanpat rai publications
Name of publisher, distributor, etc. New Delhi
Date of publication, distribution, etc. 2013
300 ## - PHYSICAL DESCRIPTION
Extent XI, 672p.
Other physical details 300
650 ## - SUBJECT ADDED ENTRY--TOPICAL TERM
Topical term or geographic name entry element OPERATION RESEARCH
Holdings
Withdrawn status Lost status Damaged status Not for loan Collection code Home library Current library Date acquired Total Checkouts Full call number Barcode Date last seen Date last checked out Price effective from Koha item type
        Mechanical Engineering Central Library Central Library 02/18/2022 1 003 MAH 20010 12/14/2022 12/13/2022 02/18/2022 Books

Powered by Koha